000 00856nam a2200277 i 4500
003 EG-GICUC
005 20260324114711.0
008 260324s1948 -us ||| |||| 001 0 eng d
040 0 _aEG-GiCUC
_beng
_cEG-GiCUC
_dEG-GiCUC
_erda
041 0 _aeng
082 0 4 _221
_a341.48
_bHO . H
092 0 4 _221
099 _aLaw1 11 341.48 HO . H 1948
100 1 _aHolcombe, Arthur N
_eAuthor.
245 1 0 _aHuman Rights :
_bIn The Modern World /
_cBy Arthur N. Holcombe.
264 3 _aNew York :
_bNew York University Press,
_c1948.
300 _a162 pages,
_c24 cm
336 _2rda content
_atext
337 _2rda media
_aComputer
338 _2rda carrier
_aOnline Resource
546 _aText in English
650 1 4 _aPublic international law
856 4 0 _uhttps://fll.law.cu.edu.eg/fulltext/bks/B11-09373.pdf
905 _a48
942 _2ddc
_cBK
_e21
_n0
999 _c66598
_d66598